Holy Bible, New International Version. (Record no. 2105)

000 -LEADER
fixed length control field 00729cam a2200241 i 4500
001 - CONTROL NUMBER
control field 17708492
003 - CONTROL NUMBER IDENTIFIER
control field OSt
005 - DATE AND TIME OF LATEST TRANSACTION
control field 20160530165111.0
008 - FIXED-LENGTH DATA ELEMENTS--GENERAL INFORMATION
fixed length control field 130423s2013 miu 000 0 eng
010 ## - LIBRARY OF CONGRESS CONTROL NUMBER
LC control number 2013938660
020 ## - INTERNATIONAL STANDARD BOOK NUMBER
International Standard Book Number 9780310431640 (hardcover)
040 ## - CATALOGING SOURCE
Original cataloging agency DLC
Language of cataloging eng
Description conventions rda
Transcribing agency DLC
042 ## - AUTHENTICATION CODE
Authentication code pcc
050 00 - LIBRARY OF CONGRESS CALL NUMBER
Classification number BS195.N37 2013
082 00 - DEWEY DECIMAL CLASSIFICATION NUMBER
Classification number 220.5/20812
Edition number 23
130 0# - MAIN ENTRY--UNIFORM TITLE
Uniform title Bible.
Language of a work English.
Version New International.
Date of a work 2013.
245 10 - TITLE STATEMENT
Title Holy Bible, New International Version.
300 ## - PHYSICAL DESCRIPTION
Extent x, 1863 pages ;
Dimensions 24 cm
500 ## - GENERAL NOTE
General note "NIV single-column Bible, large print"--Title page verso.
906 ## - LOCAL DATA ELEMENT F, LDF (RLIN)
a 7
b cbc
c orignew
d 2
e epcn
f 20
g y-gencatlg
942 ## - ADDED ENTRY ELEMENTS (KOHA)
Source of classification or shelving scheme
Koha item type Reference material
Holdings
Withdrawn status Lost status Source of classification or shelving scheme Damaged status Not for loan Home library Current library Date acquired Total Checkouts Full call number Barcode Date last seen Price effective from Koha item type
          Riara University Library Riara University Library 30/05/2016   REF BS195.N37 2013 7103/16 28/08/2025 30/05/2016 Reference material

Riara University Library,
P.O. Box 49940-00100,
Nairobi, Kenya.